[Event "CZE-chT 2003-4"]
[Site ""]
[Date "2003.12.06"]
[Round "3"]
[White "Stehno Pavel"]
[Black "Vokac Marek"]
[Result "1-0"]
[WhiteElo "2310"]
[BlackElo "2462"]
[Annotator "Vokac,Marek"]
[Source "The Week in Chess 491"]
[Remark ""]

1.e4 {%30^002} c5 2.Nf3 d6 3.d4 cxd4 4.Nxd4 Nf6 5.Nc3 a6 6.Bc4
e6 7.Bb3 Be7 8.f4 Nc6 9.O-O Qc7 {?!} 10.Kh1 O-O 11.f5 Nxd4 12.Qxd4
e5 {?!} 13.Qd3 ( 13.Qf2 b5 14.Bg5 Bb7 ( 14...Ng4 {?!} 15.Qh4
Bxg5 16.Qxg5 Nf6 17.Nd5 Nxd5 18.Bxd5 h6 19.Qg3 Bb7 20.f6 $18 )
15.Bxf6 Bxf6 16.Bd5 Rac8 ( 16...b4 17.Bxb7 bxc3 18.Bxa8 cxb2
19.Rab1 Rxa8 20.Rxb2 $18 ) 17.Bxb7 Qxb7 18.Nd5 Rc4 19.Qe2 Rfc8
20.c3 a5 21.Rf3 ( 21.Rad1 ) ( 21.a3 ) b4 22.Rg3 Bh4
( 22...Kf8 23.b3 $16 ) 23.Rg4 Bd8 24.f6 $18 g6 {1-0 De Vries,G-Stull,N/Buenos Aires 1978/EXT 2000 (35)}
25.Qd2 ) b5 14.Bg5 {!} Bb7 15.Bxf6 Bxf6 16.Bd5 Rac8
( 16...Bxd5 {?!} 17.Nxd5 Qd8 18.Rad1 ( 18.a4 {%02!?$16} ) Rc8
19.c3 Rc4 20.Rf3 Re8 21.Qe2 ( 21.b3 ) Rc6 22.Rh3 h6 23.Qg4 Kh8
24.Qh5 Rf8 25.Rdd3 Kh7 26.Rdg3 Rc4 27.Rg4 ( 27.Rxg7+ {!} Bxg7
28.f6 $18 Rxe4 29.Qf5+ Kh8 30.Qxe4 ) a5 28.b3 Rc5 29.Kg1 Rxd5
{!?} 30.exd5 Qe7 31.Re4 $18 {0-1 Krivec,J-Ionica,I/Guarapuava 1995/Juniors (61)}
) ( 16...Kh8 17.Bxb7 Qxb7 18.Nd5 Bg5 19.c3 Rac8 20.Rfb1 {!?}
{Unikatni plan, jen proti spatnemu strelci.} ( 20.f6 gxf6 21.Nxf6
Bxf6 22.Rxf6 $16 ) Qa7 21.Qe2 Qc5 22.a4 bxa4 23.Rxa4 Qb5 24.Qxb5
axb5 25.Ra6 Rfd8 26.Kg1 $16 Rc4 27.Re1 h5 28.Kf2 f6 29.Kf3 Kh7
30.Rb6 Rc5 31.Ra1 $18 g6 32.Ra7+ Kh6 33.Rbb7 Rh8 34.Ne7 {1-0 Vojtek,V-Hanko,P/Slovakia 2001/EXT 2003 (34)}
) ( 16...b4 17.Bxb7 bxc3 18.Bxa8 cxb2 19.Rab1 Rxa8 20.Rxb2 h6
21.Rfb1 Rc8 22.Qxa6 Qc5 23.Qxc8+ {1-0 Matikozian,A-Rensch,D/Las Vegas USA 2005/The Week in Chess 554 (23)}
) 17.Bxb7 Qxb7 18.Nd5 Rc4 19.c3 {!} Rfc8 20.a3 a5 21.b3 R4c5
22.Rad1 $16 Bd8 23.Qg3 ( 23.f6 {?!} Bxf6 24.Nxf6+ ( 24.Rxf6 Rxd5 )
gxf6 25.Qxd6 ( 25.Rxf6 Rxc3 26.Qxd6 Qxe4 $131 ) Qc6 {=} ) f6
24.Rf3 Qf7 25.Qh4 R5c6 26.Rh3 h6 27.Rg3 Kf8 ( 27...Kh8 28.Qg4
a4 29.Qe2 {a chvili hrat na damskem kridle.} $16 ) 28.h3 a4 29.b4
$16 Rc4 30.Kh2 R8c6 31.Rdd3 Be7 ( 31...Bb6 32.Rg6 Ba7 33.Nxf6
$18 {Univerzalni motiv.} ) 32.Rg6 Ke8 33.Nxe7 {!} ( 33.Qg3 Bf8
$16 ) Kxe7 34.Rdg3 Kf8 35.Rxg7 {!$18} Qxg7 36.Rxg7 Kxg7 37.Qg4+
Kf8 38.Qg6 d5 39.Qxh6+ Kf7 40.exd5 Rd6 41.h4 $18 Rg4 {?} 42.Qh5+ 1-0

[Event "Corus"]
[Site ""]
[Date "2006.01.14"]
[Round "1"]
[White "Karjakin Sergey"]
[Black "Anand Viswanathan"]
[Result "0-1"]
[WhiteElo "2660"]
[BlackElo "2792"]
[Annotator "Ftacnik"]
[Source "CBM 111"]
[Remark ""]

1.e4 c5 2.Nf3 d6 3.d4 cxd4 4.Nxd4 Nf6 5.Nc3 a6 6.Be3 e5 7.Nb3
Be6 8.f3 Be7 9.Qd2 O-O 10.O-O-O Nbd7 11.g4 b5 12.g5 b4 13.Ne2
Ne8 14.f4 a5 15.f5 a4 16.Nbd4 exd4 17.Nxd4 b3 18.Kb1 {
 White is surely looking left and right in this line, since the fight for any
advantage is pretty elusive and black is doing fine.}
( 18.cxb3 axb3 19.a3 Rc8+ 20.Kb1 Bc4 21.f6 Nexf6 22.gxf6 Bxf6
23.Bxc4 Rxc4 24.Nxb3 Rxe4 25.Bd4 Ne5 {½-½ Borriss,M (2442)-Gallagher,J (2540)/Germany 2003 (39)}
) bxc2+ 19.Nxc2 Bb3 20.axb3 axb3 21.Na3 Ne5 22.h4 Ra5
( 22...Qb8 23.Rh3 Ra4 24.Bd4 {½-½ Vorobiov,E (2529)-Magalashvili,D (2423)/Moscow 2005}
) 23.Qc3 {?!} {
 Interesting novelty, but Karjakin unfortunatelly played Anand. The former FIDE
world champion will find a way to refute the new concept.}
( 23.Qe2 d5 24.Rxd5 Rxd5 25.exd5 Bxa3 26.bxa3 Nd6 27.Bc5 Re8
{½-½ Leko,P (2749)-Vallejo Pons,F (2686)/Monte Carlo 2005 (67)} )
( 23.Qb4 Qa8 24.Bb6 Ra4 25.Qxb3 Qxe4+ 26.Nc2 Ra8 27.Qd5 Qxd5
28.Rxd5 {½-½ Najer,E (2652)-Popov,V (2592)/Moscow 2006 (42)} )
Qa8 24.Bg2 ( 24.Be2 Qxe4+ 25.Ka1 Ra8 $17 ) Nc7 {!!} {A real thunder from the blue, black insists on coming first with his attack.}
25.Qxc7 ( 25.Bd2 Ra7 26.Rh3 Rb8 $19 ) ( 25.Bb6 Rxa3 26.bxa3 Nb5
27.Qxb3 Nxa3+ $19 ) Rc8 26.Qxe7 ( 26.Qb6 Nc4 27.Qxb3 Nxa3+ 28.bxa3
Rxa3 29.Qb2 Rb8 30.Bb6 Ra6 31.e5 Ra1+ 32.Qxa1 Rxb6+ 33.Kc2 Qxg2+
34.Kc3 dxe5 $19 ) Nc4 {!} {Excellent position that explains the reason the black's success. Karjakin is simply lacking the defenders of his king.}
27.g6 ( 27.Bd4 Rxa3 ( 27...Qc6 28.Nxc4 Qxc4 29.Bc3 Rca8 30.Kc1
Qe2 $19 ) 28.bxa3 Nxa3+ 29.Kb2 Nc4+ 30.Kc3 Qa5+ 31.Kd3 Qa2 32.Bc5
Qc2+ 33.Kd4 Qf2+ 34.Kc3 Qxc5 $19 ) ( 27.Bc1 Qc6 $19 )
( 27.Bc5 {!?} Rxa3 ( 27...Nxa3+ 28.bxa3 Rxa3 29.Qxd6 Ra1+ 30.Kb2
Ra2+ 31.Kb1 Rxg2 32.Ba7 Re8 33.Qd7 Ra2 34.g6 Qxe4+ 35.Qd3 Qxd3+
36.Rxd3 Rxa7 37.Rxb3 $15 ) 28.bxa3 Nxa3+ 29.Kc1 ( 29.Kb2 Rxc5
$19 ) Rxc5+ ( 29...Qa5 30.Rxd6 b2+ 31.Kxb2 Nc4+ 32.Kc1 Nxd6 33.Qxd6
Rxc5+ 34.Kd1 Qa1+ $15 ) 30.Kd2 Rc2+ 31.Ke1 b2 32.g6 f6 $17 )
hxg6 28.fxg6 Nxa3+ ( 28...Rxa3 29.Qxf7+ ( 29.bxa3 Nxa3+ 30.Kb2
Rc2+ 31.Kxb3 Qb8+ 32.Kxa3 Qb2+ 33.Ka4 Rc4+ $19 ) Kh8 30.bxa3
Nxa3+ 31.Kb2 Nc4+ 32.Kc3 Ne5+ 33.Kd2 Qa2+ 34.Ke1 Qxg2 $19 ) 29.bxa3
Rxa3 30.gxf7+ ( 30.Qxf7+ Kh8 31.Bd4 Ra1+ 32.Bxa1 Qa2# ) Kh7 31.f8N+
{White has to play moves worthy of a true wizzard, but his position remains hopeless.}
Rxf8 32.Qxf8 Ra1+ 33.Kb2 Ra2+ 34.Kc3 ( 34.Kxb3 Qa4+ 35.Kc3 Rc2+
36.Kd3 Qc4# ) Qa5+ 35.Kd3 Qb5+ 36.Kd4 ( 36.Kc3 Rc2+ 37.Kd4 Qc4# )
Ra4+ 37.Kc3 Qc4+ ( 37...Qc4+ 38.Kd2 Ra2+ 39.Ke1 Qe2# ) 0-1

[Event "Bundesliga 0506"]
[Site ""]
[Date "2006.01.28"]
[Round "8.3"]
[White "Baramidze David"]
[Black "Nielsen Peter Heine"]
[Result "0-1"]
[WhiteElo "2542"]
[BlackElo "2668"]
[Annotator "Ftacnik"]
[Source "CBM 111"]
[Remark ""]

1.e4 c5 2.Nf3 d6 3.d4 cxd4 4.Nxd4 Nf6 5.Nc3 a6 6.Be3 e5 7.Nb3
Be6 8.f3 Be7 9.Qd2 O-O 10.O-O-O Nbd7 11.g4 b5 12.g5 b4 13.Ne2
Ne8 14.f4 a5 15.f5 a4 16.Kb1 {
 The latest cry of fashion in the line, that is proving pretty unpleasant for
white. The king strives to defend a2 square, but in such a sharp position it feels a bit slow.}
{%30^002} ( 16.fxe6 axb3 17.exf7+ ( 17.cxb3 fxe6 18.Kb1 Nc7
( 18...Qa5 19.Nc1 Nc7 20.Bc4 Nb6 21.Rhf1 Rxf1 22.Rxf1 Nxc4 23.bxc4
d5 24.g6 hxg6 25.Qg2 Rf8 {1-0 Cvek,R (2498)-Kalod,R (2502)/Brno 2006 (85)}
{=} ) 19.Bg2 Qb8 20.Rhf1 Rxf1 21.Rxf1 Qb5 22.Rc1 Nc5 23.Rc4 N5a6
24.Qc2 Qa5 25.Nc1 {½-½ Hracek,Z (2581)-Babula,V (2593)/Czechia 2005} )
Rxf7 18.Kb1 ( 18.cxb3 Rxa2 19.Ng3 Rxf1 20.Rhxf1 Ra1+ 21.Kc2 Qc8+
22.Kd3 Qa6+ 23.Kc2 Qc6+ 24.Kd3 Qb5+ 25.Kc2 Qc6+ {½-½ Mastrovasilis,D (2562)-Mamedyarov,S (2646)/Warsaw 2005}
) bxc2+ 19.Kxc2 Nb6 20.Nc1 d5 21.exd5 Nd6 22.Kb1 Rf3 23.h4 Na4
24.Qe2 Rg3 25.Bf2 Rc3 26.Qxe5 Nxb2 27.Bd4 {1-0 Topalov,V (2757)-Vallejo Pons,F (2686)/Linares 2005 (32)}
) ( 16.Nbd4 exd4 17.Nxd4 b3 18.Kb1 bxc2+ 19.Nxc2 Bb3 20.axb3
axb3 21.Na3 Ne5 22.h4 Ra5 23.Qe2 d5 24.Rxd5 Rxd5 25.exd5 Bxa3
26.bxa3 Nd6 {½-½ Leko,P (2749)-Vallejo Pons,F (2686)/Monte Carlo 2005 (67)}
) axb3 17.cxb3 ( 17.fxe6 bxa2+ 18.Ka1 fxe6 $17 ) Rxa2 {!} 18.fxe6
fxe6 19.Bh3 {Baramidze must try to pay back with blows of his own, otherwise Nielsen would easily get the upper hand.}
( 19.Kxa2 Qa8+ 20.Kb1 Qxe4+ 21.Qd3 Qxh1 22.Bh3 Qc6 23.Bxe6+ Kh8
24.Bd5 Qc8 $17 ) Qa5 20.Bxe6+ Kh8 21.Ng3 ( 21.Bxd7 Ra1+ 22.Kc2
Qc7+ 23.Nc3 Rxd1 24.Qxd1 ( 24.Rxd1 bxc3 $19 ) Qxd7 25.Nd5 Nc7
$17 ) Nc5 22.Bc4 ( 22.Bxc5 Ra1+ 23.Kc2 Qxc5+ 24.Bc4 Rf2 {!$19} )
Nc7 {Black is certainly happy on the queenside with control of the a file a
attacking potential against white king. The only drawback is vulnerability of
his own king in case Baramidze will find a way to get closer.}
23.Rhf1 {?!} ( 23.g6 Nb5 {!} 24.Bxb5 ( 24.Bxc5 Nc3+ 25.Kc1 Nxd1
26.Rxd1 dxc5 27.Nf5 Rd8 $19 ) Nxb3 25.Qe2 Rc8 26.Bc4 Nd4 27.Bxa2
( 27.Bxd4 b3 28.Bxb3 Ra1# ) b3 28.Bxb3 Nxb3 $19 ) ( 23.Bxc5 {!}
Ra1+ ( 23...dxc5 {?} 24.Nf5 Ra1+ 25.Kc2 Rxd1 26.Rxd1 $18 ) 24.Kc2
Rxd1 25.Qxd1 Qxc5 26.g6 Rf4 27.gxh7 ( 27.Qh5 h6 $15 ) g6 28.Kb1
$13 ) Ra8 24.Bxc5 {?} {White has played this move one move too late, now black's attack will be devastating.}
( 24.Rf7 Na4 {!!} 25.Rxe7 ( 25.bxa4 Qxa4 26.b3 ( 26.Bxa2 Qxa2+
27.Kc2 b3+ 28.Kc3 Qa5+ 29.Kxb3 ( 29.Kd3 Qa6+ 30.Kc3 Nb5+ 31.Kc4
Na3+ 32.Kb4 Qc4# ) Qa4+ 30.Kc3 d5 31.exd5 Bb4+ 32.Kd3 Bxd2 33.Bxd2
Nxd5 $19 ) ) Nc3+ 26.Kc1 ( 26.Kc2 Rxb2+ 27.Kd3 Rxd2+ 28.Rxd2
Rd8 $19 ) ( 26.bxc3 Rxd2 27.Rxd2 Qa1+ 28.Kc2 Qxc3+ 29.Kd1 Qxe3
$19 ) Ra1+ 27.Kc2 Rxd1 28.Qf2 Qa2 $19 ) Qxc5 25.Qf2
( 25.Qe2 Nb5 26.Rf7 Nd4 27.Rxd4 Qxd4 28.Rxe7 Ra1+ 29.Kc2 Qxb2+
30.Kxb2 ( 30.Kd3 Qc3# ) R8a2# ) Qxc4 {!} ( 25...Qxc4 {!} 26.bxc4
b3 27.Kc1 Bxg5+ 28.Rd2 Ra1# ) 0-1

[Event "Lazne Bohdanec"]
[Site ""]
[Date "1996.??.??"]
[Round "2"]
[White "Movsesian Sergei"]
[Black "Babula Vlastimil"]
[Result "1-0"]
[WhiteElo "2580"]
[BlackElo "2540"]
[Annotator "Ftacnik"]
[Source "CBM 051"]
[Remark ""]

1.e4 c5 2.Nf3 e6 3.Nc3 d6 4.d4 cxd4 5.Nxd4 Nf6 6.g4 Nc6 7.g5
Nd7 8.Be3 Be7 9.h4 O-O 10.Qh5 a6 11.O-O-O Nxd4 12.Bxd4 b5 {This sharp line hides many dangers for black and he has to play extremely accurately in the defence.}
13.Bd3 ( 13.e5 dxe5 {!?} ( 13...d5 {?!} 14.Bd3 g6 15.Qg4 Bc5
( 15...Nc5 16.Bxc5 Bxc5 17.h5 Bxf2 18.hxg6 fxg6 19.Rxh7 {!} Be3+
20.Kb1 Qxg5 21.Qh3 $18 ) 16.h5 {!} Bxd4 17.Qxd4 Qxg5+ 18.f4 Qe7
19.hxg6 fxg6 20.f5 {!!} gxf5 21.Nxd5 {!} {1-0 Gallagher,J-Vehi Bach,V/Biel op (07)/1995/ (26)}
) ( 13...g6 14.Qe2 d5 15.Qe3 Bb7 16.Bd3 b4 17.Ne2 a5 18.h5 Kg7
19.f4 Kh8 20.Ng3 a4 21.hxg6 fxg6 22.Kb1 {1-0 Ciemniak,R-Allen,A/WchJM Buenos Aires/1993/ (33)}
) 14.Bxe5 Qe8 ( 14...g6 15.Qe2 Bb7 16.Rh3 Qc8 17.Bd6 Bxd6 18.Rxd6
Qc7 19.Rd4 Rfd8 20.Rhd3 Nc5 21.Rxd8+ Rxd8 22.Rxd8+ Qxd8 23.Qe5
Qc8 24.a3 Qc6 25.Qb8+ {½-½ Howell,J-Kohlweyer,B/Liechtenstein op (07)/1994/}
) ( 14...Qa5 {?} 15.Rxd7 {!!} Bxd7 16.Bd3 g6 17.Qh6 f6 18.Bxg6
{!} hxg6 19.Qxg6+ Kh8 20.gxf6 $18 ) 15.Bg2 {!} ( 15.Bxg7 {?}
Kxg7 16.Qh6+ Kh8 {!} 17.Rxd7 Bxd7 18.Bd3 f5 19.gxf6 Rf7 20.fxe7
Qxe7 21.Ne4 Bc6 $17 ) Nxe5 16.Bxa8 b4 17.Nb1 Qb5 18.Rhe1 Ng6
19.Nd2 e5 20.Be4 Be6 21.Kb1 a5 22.Bxg6 {?} ( 22.Qf3 Nxh4 23.Bxh7+
Kxh7 24.Qh5+ Kg8 25.Qxh4 $18 ) hxg6 23.Qe2 Qxe2 24.Rxe2 f6 {½-½ Tolnai,T-Cvitan,O/EUCup Gr5 Balatonbereny/1993/ (42)}
) ( 13.f4 b4 ( 13...Re8 14.f5 Bf8 15.Bh3 b4 16.fxe6 fxe6 17.Nd5
{!} ( 17.g6 h6 {!} 18.Nd5 Rb8 {!$13} {Sax-Polugaewski/Haninge/1989} )
g6 18.Qf3 ( 18.Qg4 Ne5 19.Nf6+ Qxf6 20.gxf6 Nxg4 21.Bxg4 e5 {!$15}
{Horvath,T-Kohlweyer/Frankfurt/1990} ) exd5 19.e5 Nc5 {!!=} {Polugajevskij}
) ( 13...Qa5 14.Rg1 {!} b4 15.Nd5 {!} exd5 16.Qh6 {!} Ne5 $8
17.fxe5 gxh6 18.gxh6+ Kh8 19.exd6+ f6 20.dxe7 Be6 21.exf8Q+ Rxf8
22.exd5 Bxd5 23.Bd3 Qxa2 24.Rg7 Bg8 25.b3 a5 26.Rdg1 a4 27.Rxg8+
$18 ) 14.Bxg7 {!} ( 14.Ne2 e5 15.fxe5 dxe5 16.Be3 Qa5 17.Kb1
Nc5 18.Qf3 Be6 19.Nc1 Rad8 20.Be2 {½-½ Fogarasi,T-Bischoff,K/Mitropa Cup (02)/1991/}
) ( 14.Nb1 Qa5 15.Bxg7 Kxg7 16.f5 exf5 17.exf5 Kh8 18.Bg2 Rb8
19.Rhe1 Ne5 20.f6 Bxf6 21.Be4 Ng6 22.Rd5 Qd8 23.gxf6 Qxf6 24.Qg5
Qxg5+ 25.Rxg5 {½-½ Terzic,M-Djuric,P/JUG-chT/1993/ (42)} ) Kxg7
( 14...bxc3 15.Bxc3 $16 ) 15.e5 Rg8 ( 15...bxc3 {?} 16.Qh6+ Kh8
17.Bd3 f5 18.g6 Rf7 19.gxf7 Qf8 20.Qxf8+ Bxf8 21.Rhg1 Bg7 22.Bxf5
{!} exf5 23.e6 ) ( 15...Nc5 16.Na4 {!!} Nxa4 17.Qh6+ Kh8 18.Bd3
f5 19.exf6 Rf7 20.g6 Qf8 {!} 21.fxe7 {!} ( 21.Qxf8+ Bxf8 22.gxf7
Bb7 {!} 23.Rhg1 Bh6 $13 ) Qxh6 22.e8Q+ Rf8 23.Qxa4 $40 )
( 15...Rh8 16.Ne4 h6 17.exd6 Bf8 {?} ( 17...hxg5 18.dxe7 Qxe7
$16 ) 18.Rg1 {!} hxg5 19.Rxg5+ $18 ) 16.Bd3 Nf8 17.Ne4 Kh8
( 17...dxe5 18.fxe5 Qd4 19.Nf6 Bxf6 {!} 20.exf6+ Kh8 21.Qxf7
Ra7 22.Qh5 $16 ) 18.exd6 Bxd6 19.Rhf1 $44 {1-0 Kengis,E-Orsag,M/Prague (04)/1993 (39)}
) ( 13.a3 Rb8 {!} ( 13...Qa5 14.f4 b4 15.axb4 Qxb4 16.f5 Rb8
17.b3 Ne5 18.f6 Bd8 19.Kb1 a5 20.fxg7 Re8 21.Na2 Qb7 22.Qe2 Bd7
23.Rh3 Bc6 24.Bg2 a4 {0-1 Ernst,T-Cvitan,O/Oberwart op/1991/ (52)} )
14.f4 b4 15.axb4 Rxb4 16.f5 g6 17.Qe2 Qa5 $15 {Wedberg,T-Cvitan,O/Manila ol/1992/}
) b4 {?} {This mistake spells the disaster, even though white has to show some phantasy.}
( 13...Ne5 14.f4 ( 14.Kb1 {?!} b4 ( 14...Qa5 15.f4 b4 16.Nd5
{!$16} {Tolnai,T-Paschall,W/New Yorkop/1993/} ) 15.Na4 $7
( 15.Ne2 g6 {!} 16.Qh6 Re8 $17 {'with the idea' Bf8} ) Rb8 16.b3
Qc7 ( 16...Bd7 {?} 17.Nc5 {!} ) 17.f4 Nxd3 18.cxd3 e5 {!?} 19.Rc1
Qd8 {0-1 Perenyi,B-Hellers,F/Budapest/1988/ (39)} ) Nxd3+ 15.Rxd3
( 15.cxd3 {!} b4 16.Ne2 e5 17.Be3 b3 18.a3 d5 $15 {Gdanski,J-Mainka,R/Polanica Zdroj/1992/}
) Bb7 16.Re1 b4 17.Nd1 Re8 {Degerman,L-Cvitan,O/Vienna op/1991/}
( 17...Qa5 18.b3 Qxa2 19.f5 Rfc8 20.Bb2 e5 21.g6 $44 )
( 17...e5 {!?} 18.Bf2 exf4 19.Qg4 $13 ) 18.Nf2 Qa5 19.Ng4 b3
20.Nh6+ gxh6 $8 ( 20...Kh8 {??} 21.Qxf7 Qxe1+ 22.Rd1 $18 {'with the idea' Qg8, Nf7}
) 21.Rg1 hxg5 22.Qh6 e5 23.Bxe5 dxe5 24.Rxg5+ Bxg5 25.Qxg5+ Kh8
26.Qf6+ Kg8 {½-½ Hector,J-Vogt,L/Taastrup/1990/} )
( 13...g6 14.Qg4 ( 14.Qe2 b4 15.Nb1 Bb7 16.f4 e5 17.h5 exd4 18.hxg6
fxg6 19.Bc4+ d5 20.exd5 Bxg5 21.Qe6+ Kg7 22.fxg5 Qxg5+ 23.Nd2
Nf6 {½-½ Talla,V-Lipka,J/CSR-chJ Pardubice/1991/ (28)} ) b4 15.Ne2
e5 16.Be3 Nc5 17.Qg2 Nxd3+ 18.Rxd3 Be6 19.h5 Kg7 20.f4 Qa5 21.f5
gxf5 22.g6 fxg6 23.hxg6 h5 24.Rxh5 Rh8 25.Rh7+ {1-0 Almasi,Z-Canfell,G/Kobanya op (04)/1991/ (32)}
) ( 13...e5 14.Be3 Bb7 15.f4 exf4 16.Bxf4 Qc7 17.Nd5 Bxd5 18.exd5
g6 19.Qg4 Nc5 20.h5 Rfc8 21.Rh2 Qd7 22.Qxd7 Nxd7 23.Rdh1 Nf8
24.hxg6 fxg6 {½-½ Ruxton,K-Murugan,K/BCF-ch/1989/ (49)} )
( 13...Re8 {?!} 14.Bxg7 Kxg7 15.Qh6+ Kh8 16.e5 Nf8 17.Ne4 Ng6
18.Nf6 Bxf6 19.gxf6 Rg8 20.h5 Qf8 21.Qxh7+ {1-0 Madl,I-Summermatter,D/Geneve-B/1988/}
) 14.Bxg7 {!} ( 14.Nd5 {!} exd5 15.Bxg7 {!} Qe8 16.Bf6 {1-0 Szalanczy,E-Gavrikov,V/Debrecen/1988/}
) Nc5 ( 14...Ne5 15.Bf6 {?} ( 15.Bxe5 dxe5 16.Ne2 $16 ) bxc3
16.Bxe7 Qxe7 17.f4 Qb7 18.bxc3 Nxd3+ 19.Rxd3 Qxe4 20.Rf1 Rb8
{1-0 Zakharov,V-Semeniuk,A/URS-sf Voronez/1991/ (36)} )
( 14...Kxg7 15.Qh6+ Kg8 16.e5 f5 17.gxf6 Rf7 18.Rhg1+ Kh8 19.Rg7
$18 ) ( 14...bxc3 15.e5 cxb2+ 16.Kb1 f5 17.gxf6 $18 ) 15.Qh6
Re8 ( 15...Nxd3+ 16.Rxd3 bxc3 17.Bf6 $18 ) 16.Ne2 {The N heads towards h5 square with simple win.}
( 16.Bf6 Bf8 ) e5 17.Ng3 Bg4 ( 17...Nxd3+ 18.Rxd3 Qa5 19.Nh5
$18 ) 18.Bc4 Ne6 ( 18...Bxd1 19.g6 {!$18} ) 19.Bxe6 fxe6
( 19...Bxe6 20.Nh5 Bg4 21.Nf6+ Bxf6 22.Bxf6 $18 ) 20.g6
( 20.g6 hxg6 21.Bxe5 dxe5 22.Rxd8 Raxd8 23.Qxg6+ Kh8 24.Qxg4 ) 1-0

[Event "Extraliga 08/09,Trinec A-Novoborsky"]
[Site ""]
[Date "2009.02.22"]
[Round "9.1"]
[White "Mista Alexander"]
[Black "Hracek Zbynek"]
[Result "1-0"]
[WhiteElo "2539"]
[BlackElo "2625"]
[Annotator "Vokac,Marek"]
[Source ""]
[Remark ""]

1.e4 c5 2.Nf3 d6 3.d4 cxd4 4.Nxd4 Nf6 5.Nc3 e6 6.Be2 a6 7.f4
Be7 8.Be3 Qc7 9.O-O O-O 10.g4 Re8 11.g5 Nfd7 12.Bd3 {S tahem}
( 12.f5 {slavil øadu úspìchù ve svých pøebornických letech Eduard Prandstetter, z té
doby jsem si zapamatoval, ze èerný musí co nejrychleji støelci uvolnit pole f8.
O come back varianty se o deset let pozdìji postaral i Kasparov (1996)}
) Bf8 13.Qh5 g6 14.Qh4 Nc6 15.Rf3 Bg7 16.Nde2 {Kritická pozice varianty, názory èerných se liší. Jde navíc o renomované experty na scheveningenskou výstavbu:  'passed pawn'}
f5 {Reakce GM Štohla.} ( 16...Qd8 {s ideou h7-h5 volil 2x GM Suba, útok bílého ale býval úspìšný.}
) ( 16...b5 {je nejotrlejší tah, podpoøený autoritou Ananda a Sutovského, oba ale po}
{?!} 17.Rh3 Nf8 18.f5 Ne5 19.f6 Bh8 20.a3 {!} {
s Kasparovem, resp. Svidlerem, doplatili na mrtvého støelce na h8. Sutovskému
se varianta tak zalíbila, ze ji zaøadil do svého bílého repertoáru.} )
( 16...Ne7 {s ideou} 17.Rh3 Nf8 {
obhajovali Cvitan, Baramidze i Ftáènik, i výsledky naznaèují, ze by snad mohlo
jít o nejsolidnìjší reakci - ale na f8 stojí èerný jezdec pøece jen diskutabilnì.}
) 17.exf5 gxf5 18.Ng3 {!} Ne7 ( 18...Nd4 19.Rf2 Qc6 {se hrálo v partii Janturin - Ayupov, RUS ch U20 2003, po}
20.Nce4 Nf8 21.Bxd4 Bxd4 22.Nf6+ Kf7 23.Re1 Rd8 24.Nxf5 {!} {byl èerný rozstøílen.}
) 19.Nh5 Ng6 20.Qf2 Bxc3 {!?} {Èerný myslí i na protihru.}
( 20...Bh8 {je mozná opatrnìjší, ale bílého to nezazene a potenciál jeho útoèných mozností rozšiøují rùzné skoky jezdce na d5.}
) 21.bxc3 b5 22.h4 Bb7 23.Rh3 Qxc3 24.Rd1 {Nepøesvìdèivé je}
( 24.Bd4 Qc6 {%04a} 25.Nf6+ {?!} Nxf6 26.Bxf6 {?} {vázne na}
Nxf4 {!$19} ) Kf7 {Nezdá se mi, ze je nutno vyrázet králem do boje, více se mi líbí}
{?!} {%05'passed pawn'} ( 24...Qc6 {!?} {diagonála h1-a8 útoèné plány bílého docela úèelnì omezuje.}
) 25.Kh2 Rac8 26.Bd4 Qc7 {Opìt je ústupové pole èerné dámy mozným pøedmìtem velkých sporù.}
27.Ng7 Rg8 28.h5 {Zajímavou mozností je} ( 28.Nxf5 {!?} exf5
29.Bxf5 {, útok bílého je hodnì nepøíjemný, ale snad po} d5 30.Kh1
Nc5 31.h5 Ne7 {by pozice èerného mohla být obranyschopná.} )
Ngf8 {?!} ( 28...Rxg7 {!} 29.Bxg7 Kxg7 30.hxg6 hxg6 {=} )
( 28...Nge5 {!?} 29.fxe5 Rxg7 30.Bxf5 exf5 31.e6+ Kxe6 32.Bxg7
Ne5 33.Bxe5 dxe5 34.Rhd3 $14 ) 29.g6+ hxg6 30.hxg6+ Nxg6 31.Nxe6
( 31.Nxf5 exf5 32.Rh7+ Kf8 33.Bxf5 Ne7 34.Rxe7 Kxe7 35.Qh4+ Kf7
36.Qh7+ Kf8 37.Qh6+ Kf7 38.Qe6+ Kf8 39.Re1 Ne5 40.Qh6+ Qg7 41.Qxd6+
Qe7 42.Qxe7+ Kxe7 43.Rxe5+ $14 Kd6 44.Bxc8 ) Kxe6 32.Re1+ {'passed pawn'}
Nge5 {?} {Az toto prohrává. Nutností bylo} ( 32...Be4 {!} 33.Bxe4
fxe4 34.f5+ Kd5 35.fxg6 $14 {naèez má èerný více mozností, útok bílého ovšem trvá a poèítaèe po dost dlouhém zamyšlení èernému nevìstí nic pøíjemného.}
) 33.Bxf5+ {!$18} {Støíhá krále do hola.} Kxf5 ( 33...Ke7 34.fxe5
$18 ) 34.fxe5+ Ke6 35.exd6+ Kxd6 36.Qf4+ 1-0

[Event "CZE-ch (Women)"]
[Site ""]
[Date "1998.05.09"]
[Round "2"]
[White "Ptacnikova Lenka"]
[Black "Cedikova Katerina"]
[Result "1-0"]
[WhiteElo "2280"]
[BlackElo "2135"]
[Annotator "Vokac,Marek"]
[Source "CBM 065 ext"]
[Remark ""]

1.e4 c5 2.Nf3 d6 3.d4 cxd4 4.Nxd4 Nf6 5.Nc3 g6 6.g3 Bg7 7.Bg2
O-O 8.h3 Nc6 9.Nde2 Bd7 10.O-O Rc8 11.Rb1 a6 12.Nd5 Na5 13.b3
b5 14.Bb2 Nxd5 15.exd5 Bxb2 16.Rxb2 Qb6 ( 16...e5 {!?} 17.dxe6
Bxe6 $131 ) 17.c3 Rc7 18.Rd2 Nb7 19.Rd4 a5 20.Qd2 a4 21.Qh6 f6
22.Rh4 Rf7 23.Be4 Rg7 24.Bxg6 hxg6 25.Qh8+ Kf7 26.Rh7 Rxh7 27.Qxh7+
Kf8 28.Nf4 Bf5 29.Qh8+ Kf7 30.Ne6 g5 31.Qf8+ Kg6 32.Qg7+ Kh5
33.g4+ 1-0